| 000 | 00799nam a2200241 i 4500 | ||
|---|---|---|---|
| 001 | 176148 | ||
| 003 | ES-MaACL | ||
| 005 | 20250806064056.0 | ||
| 007 | t| | ||
| 008 | 101220s1969 sp f ||||1| spa d | ||
| 080 | _a633.8 | ||
| 100 | 1 |
_aVarvello, Luciana. _9113251 |
|
| 245 | 1 | 0 |
_aCuración con las hierbas _b: plantas medicinales y sus propiedades curativas / _cLuciana Varvello. |
| 260 |
_aBarcelona : _bDe Vecchi, _cimp. 1969. |
||
| 300 |
_a156, [16] p. de lám. col. ; _c17 cm. |
||
| 490 | 1 |
_aBiblioteca médica De Vecchi ; _v12-13 |
|
| 500 | _aCon 16 láminas en colores. | ||
| 500 | _aÍndice. | ||
| 650 | 0 | 7 |
_aPlantas medicinales _2embne _916118 |
| 830 | 0 |
_aBiblioteca médica De Vecchi ; _v12-13 _9189948 |
|
| 852 |
_aES-MaACL _jE-13835 _xOlim P-1292 |
||
| 999 |
_c176148 _d176148 |
||